| 000 | 00658cam a2200217n 44500 | ||
|---|---|---|---|
| 003 | OSt | ||
| 005 | 20150408113736.0 | ||
| 008 | 030308s le 00 0 00100ara d | ||
| 040 | _cmb | ||
| 041 | _aعربي | ||
| 072 |
_a045 _xاللغة العربية |
||
| 082 | 0 | 4 | _a415.5 |
| 092 |
_a415.5 _bر ع ت |
||
| 100 | 1 |
_aالراجحي , عبده _91137 |
|
| 245 | 1 | 2 |
_aالتطبيق الصرفي/ _cتأليف عبده الراجحي |
| 257 | _aلبنان | ||
| 260 |
_aبيروت: _bدار النهضة العربية للطباعة و النشر، _c1973 |
||
| 300 |
_a221ص؛ _c23سم |
||
| 650 | 0 | 4 |
_aاللغة العربية _xالصرف _9101 |
| 942 |
_2ddc _cBOOK |
||
| 999 |
_c2382 _d236882 |
||